000 00670nam a2200205Ii 4500
003 JO-AjNU
008 230606s9999||||xx |||||||||||||| ||und||
020 _a978-81-203-3535-6
040 _aJO-AjNU
_beng
_erda
_cJO-AjNU
041 _aeng
050 1 4 _aHG178.33 2008
100 3 _aSriram,M.Revathy / Ramanan,P.K / Chandrasekhar,R,
_eauthor
_91397
245 0 0 _aCore Banking Solution : Evaluation of Security and Controls
264 3 1 _aNew Delhe: Prentice- Hall ,2008
300 _a277P
_b Includes indexes(p275-277)
336 _atext
_btxt
_2rdacontent
337 _aunmediated
_bn
_2rdamedia
338 _avolume
_bnc
_2rdacarrier
650 4 _aBanking Solution
_91398
999 _aE737
_c737
_d737